Kết cấu nhà cao tầng = High - Rise building structures

Sách trình bày ngắn gọn và mạch lạc những vấn đề cốt yếu nhất cần thiết cho việc thiết kế nhà cao tầng như: tải trọng và tác động, nhất là tải trọng gió và động đất; các sơ đồ kết cấu nhà cao tầng; phương pháp tính..., với nhiều...

সম্পূর্ণ বিবরণ

সংরক্ষণ করুন:
গ্রন্থ-পঞ্জীর বিবরন
প্রধান লেখক: Schueller, Wolgang
বিন্যাস: গ্রন্থ
ভাষা:Undetermined
প্রকাশিত: Hà Nội Xây dựng 2016
বিষয়গুলি:
ট্যাগগুলো: ট্যাগ যুক্ত করুন
কোনো ট্যাগ নেই, প্রথমজন হিসাবে ট্যাগ করুন!
Thư viện lưu trữ: Trung tâm Học liệu Trường Đại học Cần Thơ
LEADER 01232nam a2200229Ia 4500
001 CTU_227334
008 210402s9999 xx 000 0 und d
020 |c 82000 
082 |a 690.1 
082 |b S722 
100 |a Schueller, Wolgang 
245 0 |a Kết cấu nhà cao tầng = 
245 0 |b High - Rise building structures 
245 0 |c Wolgang Schueller ; Dịch giả: Phạm Ngọc Khánh, Lê Mạnh Lân, Trần Trọng Chi 
260 |a Hà Nội 
260 |b Xây dựng 
260 |c 2016 
520 |a Sách trình bày ngắn gọn và mạch lạc những vấn đề cốt yếu nhất cần thiết cho việc thiết kế nhà cao tầng như: tải trọng và tác động, nhất là tải trọng gió và động đất; các sơ đồ kết cấu nhà cao tầng; phương pháp tính..., với nhiều ví dụ tính toán bằng số 
650 |a Buildings,Civil engineering,Structural analysis (Engineering),Xây dựng,Xây dựng dân dụng 
650 |x Design and construction,Thiết kế và thi công 
904 |i Tuyến 
980 |a Trung tâm Học liệu Trường Đại học Cần Thơ